Pětistrunné banjo
| Main Author: | Čermák, Marko, 1940- |
|---|---|
| Language: | No linguistic content |
| Published: |
Praha : Supraphon, 1981 |
| Edition: | 3. vyd. |
| Physical Description: |
72 s. |
| LEADER | 00841ncm a22002292a 4500 | ||
|---|---|---|---|
| 001 | 000246475 | ||
| 003 | CZ BrMZK | ||
| 005 | 20120430074937.0 | ||
| 007 | qu | ||
| 008 | 970107s1981 xr f zxx d | ||
| 040 | |a BOA001 |b cze | ||
| 072 | 7 | |a 787 |x Hudba pro strunné a smyčcové nástroje |2 Konspekt |9 9 | |
| 100 | 1 | |a Čermák, Marko, |d 1940- |7 jn20001005428 |4 aut | |
| 245 | 1 | 0 | |a Pětistrunné banjo |h [hudebnina] / |c Marko Čermák |
| 250 | |a 3. vyd. | ||
| 260 | |a Praha : |b Supraphon, |c 1981 | ||
| 300 | |a 72 s. | ||
| 910 | |a BOA001 |b PK-N-0021.043 |b Mus4-0750.182-81 | ||
| 964 | |a Banjo pětistrunné - hra - příručky | ||
| 990 | |a MU | ||
| 996 | 6 | |b 2619085864 |c Mus4-0750.182-81 |l MZK |r Sklad / do 1 hodiny |n 0 |w 000246475 |u 000020 |a 1 |e BOA001 |j MZK50 |s P | |
| 996 | 7 | |b 3119913821 |c PK-N-0021.043 |l MZK |r Sklad / do 1 hodiny |n 3 |w 000246475 |u 000010 |a 1 |e BOA001 |j MZK50 |s A | |
English
Čeština 